00923nam a2200241Ia 4500001000600000003000900006008004100015040001300056040001300069041001200082100001700094100002900111245007500140245003500215250001100250260001300261260002800274260004900302300005900351500021600410650002400626650003100650F0045IT-RoPAU130308s9999 xx 000 0 und d aIT-RoPAU cIT-RoPAU aINGLESE aGitlin Todd  gCodice Aut. SPICS: 21200 aPrime Time Ideology: the Hegemonic Process in Television Entertainment bTelevision - The Critical View a5a ed. aNEW YORK bOxford University Press c1994 [1° Ed.:1976 - Ed.Ling.Originale:1976] a"21 p. (prefazione: no ; testo: 21 [pagine: 516-536])" aIdeologia del prime Time: Processo Egemonico nell'Intrattenimento Televisivo. Analisi dei Mass Media degli Stati Uniti Come Sistema Culturale che Riproduce Se Stesso. Processo Egemonico nel Capitalismo Liberale. aTEORICHE TELEVISIVE eCodice materia Spics: 6955